=LDR 00000nam 2200000 4500 =001 INLIS000000000038839 =005 20130612144511 =008 ***********************************ind** =035 ##$$a0010-061300000038839 =041 ##$$a ind =082 ##$$a 320.959 8 =090 ##$$a 320.959 8, Mas p.1 =100 ##$$a MASSARDI, Adhie M =245 ##$$a Pilpres abal-abal republik amburadul/Adhie M. Massardi,Bambang soesatyo, Sauny kadi:Editor, Andriyati =260 ##$$a 2011 $b Jakarta =300 ##$$a 432 Hlm, 24 Cm =650 ##$$a INDONESIA-POLITIK DAN PEMERINTAH =700 ##$$a ANDRIYATI =850 ##$$a NBPNMAT =990 ##$$a 92140/BPAP-NTB/2014